| 000 | 00569nam a2200193 i 4500 | ||
|---|---|---|---|
| 001 | 35991 | ||
| 003 | ES-MaACL | ||
| 005 | 20230906155251.0 | ||
| 007 | t| | ||
| 008 | 030214s1973 sp ||||1| spa d | ||
| 100 | 1 |
_aBourdin, Alain. _930967 |
|
| 245 | 1 | 0 |
_aQué ha dicho verdaderamente Mac Luhan / _cAlain Bourdin ; [traducción Lourdes Ortiz]. |
| 250 | _a[1ª ed.]. | ||
| 260 |
_a[Madrid] : _bDoncel, _c[1973] |
||
| 300 |
_a209 p. ; _c18 cm. |
||
| 700 | 0 |
_aOrtiz, Lourdes, _d1943- _987565 |
|
| 852 |
_aES-MaACL _jC-54584 _bR.87273 |
||
| 999 |
_c35991 _d35991 |
||